LEADER 01468nam a2200337 a 4500 001 000000127729 003 CaOOAMICUS 005 20120223120515.0 008 120223s2010 it u000 u ita r 020 $a978-88-308-1182-9 040 $aPUL$bita 082 04$a226 100 1 $aMalgioglio, Matteo Luigi.$0(OLS)http://pul/name/81532 245 10$aGesù, quale Messia? :$brilevanza comunicativa e teologica dei capitoli 14-17 di Matteo /$cMatteo Malgioglio ; prefazione di Massimo Grilli. 260 $aAssisi :$bCittadella,$c2011. 300 $a357 p. ;$c21 cm. 490 1 $aStudi e ricerche.$aSezione biblica 504 $aBibliografia p. [319]-345. 650 4$aCristologia.$0(OLS)http://pul/subject/1402 700 1 $aGrilli, Massimo.$0(OLS)http://pul/name/79542 830 0$aStudi e ricerche (Cittadella).$pSezione biblica.$0(OLS)http://pul/title/146188 850 $aPUL 852 $aPUL$W1$xSL Religione 3$y85$m226 MALMA 1$j147811$qDDC 21$B146408$CPULBib$Z2$F146408 $H118763 $82 941 1 $a9 960 $aIesus Christus$91402 960 $aIesus Christus$91402 996 $6020$a978-88-308-1182-9$9(OLS)http://pul/number/148981 996 $6082$a226$9(OLS)http://pul/classification/421 996 $6245$aGesù, quale Messia? :$brilevanza comunicativa e teologica dei capitoli 14-17 di Matteo$9(OLS)http://pul/title/161419 996 $6260$aAssisi :$bCittadella$9(OLS)http://pul/publisher/49668 LEADER 00949nam a2200253 a 4500 001 000000149784 003 CaOOAMICUS 005 20160226114013.0 008 160226s1969 gw u000 u ger r 032 $aLibriCat 040 $aPUL$bita 100 1 $aHaubst, Rudolf.$0(OLS)http://pul/name/9429 245 10$aVom Sinn der Menschwerdung :$b"Cur Deus homo" /$cRudolf Haubst. 260 $aMünchen :$bMax Hueber,$c1969. 300 $a216 p. ;$c21 cm. 500 $aInclude indice. 504 $aBibliografia in nota. 650 4$aTeologia dogmatica$xStudi.$0(OLS)http://pul/subject/2523 850 $aPUL 852 $aPUL$W1$xDP1 Fondo Bordoni$y120$m3 I 94$j167112$qFondi$B174130$CPULBib$Z2$F174130 $HBor233 $81 941 1 $a1 996 $6245$aVom Sinn der Menschwerdung :$b"Cur Deus homo"$9(OLS)http://pul/title/188814 996 $6260$aMünchen :$bMax Hueber$9(OLS)http://pul/publisher/51840